| 000 | 00000nas 2200000za 4500 |
| 001 | 9.826833 |
| 003 | CaOODSP |
| 005 | 20221107144655 |
| 007 | cr ||||||||||| |
| 008 | 161102d19601969oncar p oss f0###b0fre|d |
| 040 | |aCaOODSP|bfre |
| 041 | |aeng|afre |
| 043 | |an-cn--- |
| 086 | 1 |aCS41-215-PDF |
| 245 | 00|aMetal rolling, casting and extruding, n.e.s. |h[ressource électronique]. |
| 246 | 13|aLaminage, moulage et refoulage des métaux, n.c.a.|f1968-1969 |
| 260 | |aOttawa : |bDominion Bureau of Statistics, Industry Division, |c1964-1971. |
| 310 | |aAnnuel |
| 362 | 0 |a1960-1969. |
| 490 | 0 |aAnnual census of manufactures |
| 500 | |aÉdition numérisée de l’imprimé [par Statistique Canada]. |
| 520 | |aStatistiques de fabrication des métaux non ferreux et alliages et coulée sous pression de tous les métaux non ferreux et de leurs alliages. |
| 546 | |aTexte en anglais seulement, 1960-1967; texte en anglais et en français, 1968-1969. |
| 550 | |aPubl. 1965-1969 par la Division des industries manufacturières et primaires. |
| 692 | 07|2gccst|aIndustrie métallurgique |
| 692 | 07|2gccst|aStatistique |
| 710 | 1 |aCanada. |bBureau fédéral de la statistique. |bDivision de l'industrie. |
| 710 | 1 |aCanada. |bBureau fédéral de la statistique. |bDivision des industries manufacturières et primaires. |
| 785 | 00|tMetal rolling, casting and extruding |w(CaOODSP)9.826837 |
| 791 | |tMetal rolling, casting and extruding, n.e.s. |eeng|w(CaOODSP)9.826831 |